|
|
|
|
| LEADER |
02132nam a2200253 a 4500 |
| 001 |
13324992 |
| 008 |
091010s2002 bg b 100 0 eng d |
| 010 |
|
|
|a 2003331288
|
| 020 |
|
|
|a 9840801716
|
| 040 |
|
|
|a DLC
|c DLC
|
| 082 |
0 |
0 |
|a 355/.03305
|2 21
|
| 245 |
0 |
0 |
|a Confidence building measures and security cooperation in South Asia :
|b challenges in the new century /
|c edited by Mohammad Humayun Kabir.
|
| 260 |
|
|
|a Dhaka :
|b Academic Press and Publishers in association with Bangladesh Institute of International and Strategic Studies,
|c 2002.
|
| 300 |
|
|
|a ix, 498 p. ;
|c 23 cm.
|
| 504 |
|
|
|a Includes bibliographical references.
|
| 505 |
0 |
|
|a The need for confidence building measures and security cooperation in South Asia / Mohammad Humayun Kabir -- CBMs and security cooperation between India and Pakistan : an Indian perspective / S.D. Muni -- CBMs and India-Pakistan relations / Pervaiz Iqbal Cheema -- Role of CBMs in managing Indo-Pakistan security relationship : reflections on the crucial challenges / A.K.M. Abdus Sabur -- Security problems of Bhutan : confidence building measures / Tashi Choden -- CBMs and security cooperation in South Asia : India-Sri Lanka context / T.P. Frank De Silva -- The organization for security and cooperation in Europe : relevance for South Asia / Christian Wagner -- Institutionalising trust and communication : military CBMs and security cooperation within "a SAARC with teeth" / Karan R. Sawhny and Nidhi Narain -- The highest stake and hard choice : challenges to institutionalizing CBMs and security cooperation in South Asia / Dhruba Kumar Srestha.
|
| 541 |
1 |
|
|e 00011317
|
| 650 |
|
0 |
|a National security
|z South Asia
|x International cooperation.
|
| 650 |
|
0 |
|a Confidence and security building measures (International relations)
|z South Asia.
|
| 700 |
1 |
|
|a Kabir, Mohammad Humayun.
|
| 710 |
2 |
|
|a Bangladesh Institute of International and Strategic Studies.
|
| 852 |
4 |
|
|a Ayesha Abed Library
|j General shelf
|
| 999 |
|
|
|c 4629
|d 4629
|
| 952 |
|
|
|0 0
|1 0
|2 ddc
|4 0
|6 355_033050000000000_CON_2002
|7 0
|9 4414
|a BRACUL
|b BRACUL
|c GEN
|d 2009-10-18
|g 475.00
|l 0
|o 355.03305 CON
|p 3010011317
|r 2009-10-18
|t 1
|w 2009-10-18
|y BK
|